| 000 | 00323nam a22001217a 4500 | ||
|---|---|---|---|
| 082 | _a005.133-FP SIE | ||
| 100 |
_a SIEGEL, CHARLES _960813 |
||
| 245 | _a MASTERING FOXPRO 2.5 , SPECIAL EDITIONSIEGEL, | ||
| 260 |
_a NEWDELHI _b BPB PUBLICATIONS _c 1993 |
||
| 300 | _a938P | ||
| 650 |
_aFOXPRO 2.5 _960814 |
||
| 942 | _cBK | ||
| 999 |
_c570444 _d570444 |
||